00459nam a2200205Ia 4500003000400000005001700004008004000021040000700061041000800068082001100076100001800087245003500105250001000140260003400150300001100184650001100195650001900206650001300225700001500238OSt20231011103634.0210210b1964 xxu||||| |||| 00| 0 eng d cAL aeng a385/54 aNAGAMIA (S M) aModern business correspondence a6 Rev aBombaybHind kitabs ltdc1964 axv,476 aModern acorrespondence abusiness aBAHL (J C)